000
00324nam a2200133Ia 4500
008
150201s2006 xx 000 0 und d
082
_a
612.015
_b
B06C
100
_a
CHAPBELL,PETER N
245
_a
BIOCHEMISTRY ILLUSTRATED
250
_a
5TH
260
_b
ELSEVIER
_a
DELHI
_c
2006
650
_a
BIOCHEMISTRY
942
_2
ddc
_c
BK
_0
5
999
_c
1171
_d
1171